000 00544nam a22002177a 4500
003 UA-OsUOA
001 135803
007 ta
008 20190218b un ||||| |||| 00| 0 ukr d
100 _aМоскаленко М.
090 _a82
_bМ82
942 _cSA
040 _aUA-OsUOA
_bukr
_cUA-OsUOA
_dUA-OsUOA
245 _aПереклади 1920-1930-х років
300 _aС.18-31
955 _a0
041 _aukr
080 _a82
773 0 _w135802
650 7 _a82 Література. Літературознавство
_2UDC
999 _c409004
_d409004